Sports Quiz

Random Sports or Football Quiz

30+ Year Old NFL RBs, 2000-present Quiz Stats

 Plays Quiz not verified by Sporcle

Challenge
Share
Tweet
Embed
Score 0/66 Timer 07:00
0 Plays Today
Team(s) RB % Correct
Cowboys/CardinalsEmmitt Smith
100%
Dolphins/Panthers/SaintsLamar Smith
98.9%
Patriots/Titans/SaintsAntowain Smith
98.9%
49ers/ColtsFrank Gore
96.8%
JetsCurtis Martin
92.5%
Chargers/JetsLaDainian Tomlinson
91.4%
Jets/ChiefsThomas Jones
89.2%
Panthers/SteelersDeAngelo Williams
89.2%
GiantsTiki Barber
89.2%
Dolphins/RavensRicky Williams
89.2%
Bills/SeahawksFred Jackson
88.2%
Falcons/PatriotsSteven Jackson
88.2%
Falcons/BuccaneersWarrick Dunn
83.9%
CardinalsChris Johnson
83.9%
Chiefs/Bengals/Redskins/DolphinsLarry Johnson
83.9%
Jaguars/PatriotsFred Taylor
82.8%
ChiefsPriest Holmes
82.8%
SteelersJerome Bettis
82.8%
VikingsAdrian Peterson
82.8%
Vikings/Bears/CardinalsChester Taylor
82.8%
PatriotsCorey Dillon
81.7%
RamsMarshall Faulk
81.7%
PatriotsKevin Faulk
81.7%
Panthers/RamsStephen Davis
73.1%
Seahawks/RedskinsShaun Alexander
73.1%
Bears/JetsMatt Forte
72%
Texans/PackersAhman Green
71%
49ers/GiantsBrandon Jacobs
69.9%
Broncos/RavensMike Anderson
67.7%
FalconsMichael Turner
67.7%
Eagles/49ersBrian Westbrook
67.7%
BrownsJamal Lewis
66.7%
SaintsDeuce McAllister
66.7%
Team(s) RB % Correct
Titans/CowboysEddie George
65.6%
49ers/BroncosGarrison Hearst
62.4%
Broncos/BrownsWillis McGahee
59.1%
LionsJames Stewart
59.1%
Saints/49ers/RedskinsPierre Thomas
58.1%
DolphinsArian Foster
57%
Saints/EaglesDarren Sproles
54.8%
Cardinals/SeahawksEdgerrin James
50.5%
Packers/RedskinsRyan Grant
50.5%
Raiders/BuccaneersCharlie Garner
49.5%
SeahawksRicky Watters
48.4%
PatriotsLeGarrette Blount
48.4%
LionsMaurice Morris
47.3%
Patriots/CowboysSammy Morris
47.3%
ChiefsKimble Anders
43%
SteelersDuce Staley
43%
Ravens/Lions/BroncosJustin Forsett
41.9%
TexansDerrick Ward
34.4%
Saints/RavensTerry Allen
33.3%
GiantsRashad Jennings
31.2%
Buccaneers/BroncosMichael Pittman
29%
Packers/Eagles/Giants/EaglesDorsey Levens
29%
RaidersTyrone Wheatley
26.9%
SaintsTim Hightower
25.8%
PackersJames Starks
23.7%
ChargersDanny Woodhead
22.6%
PackersCedric Benson
21.5%
Eagles/BroncosCorrell Buckhalter
20.4%
Redskins/SaintsLadell Betts
20.4%
Cowboys/EaglesChris Warren
19.4%
BuccaneersEarnest Graham
17.2%
BrownsErrict Rhett
10.8%
Saints/FalconsAaron Stecker
5.4%

You're not logged in!

Compare scores with friends on all Sporcle quizzes.
Join for Free
OR
Log In

You Might Also Like...

Show Comments

Extras

Top Quizzes Today


Score Distribution

Your Account Isn't Verified!

In order to create a playlist on Sporcle, you need to verify the email address you used during registration. Go to your Sporcle Settings to finish the process.

Report this User

Report this user for behavior that violates our Community Guidelines.

Details: